| 000 | 00422nam a22001577a 4500 | ||
|---|---|---|---|
| 999 |
_c9077 _d9077 |
||
| 003 | OSt | ||
| 008 | 200715b ||||| |||| 00| 0 eng d | ||
| 020 | _a978-8186270554 | ||
| 100 | _aNanda Sanju Nanda,Arun Khar,Roop K | ||
| 245 | _aCosmetic Technology | ||
| 250 | _a2019 | ||
| 260 |
_aNew Delhi _bBirla Publications Pvt. Ltd. _c2019 |
||
| 300 | _a479 | ||
| 650 | _aPharmaceutical Dosage form /Cosmetic | ||
| 942 |
_2ddc _cBK |
||